|
|
|
|
| LEADER |
01693cas a2200241 a 4500 |
| 001 |
AALejournalIMF001639 |
| 008 |
230101c9999 xx r poo 0 0eng d |
| 020 |
|
|
|c 5.00 USD
|
| 020 |
|
|
|z 9781451852271
|
| 022 |
|
|
|a 1018-5941
|
| 040 |
|
|
|a BD-DhAAL
|c BD-DhAAL
|
| 100 |
1 |
|
|a Kongsamut, Piyabha.
|
| 245 |
1 |
0 |
|a Philippines :
|b Preparations for Inflation Targeting /
|c Piyabha Kongsamut.
|
| 264 |
|
1 |
|a Washington, D.C. :
|b International Monetary Fund,
|c 2001.
|
| 300 |
|
|
|a 1 online resource (20 pages)
|
| 490 |
1 |
|
|a IMF Working Papers
|
| 500 |
|
|
|a <strong>Off-Campus Access:</strong> No User ID or Password Required
|
| 500 |
|
|
|a <strong>On-Campus Access:</strong> No User ID or Password Required
|
| 506 |
|
|
|a Electronic access restricted to authorized BRAC University faculty, staff and students
|
| 520 |
3 |
|
|a The Philippines is planning to shift toward adoption of an inflation targeting framework in 2001. This paper reviews key policy issues in this context, describes various operational and technical preparations, and presents an empirical analysis of the factors driving inflation. Among the key policy requirements, while central bank independence appears assured, the exchange rate has been allowed to fluctuate largely freely, and the authorities are embarking on a medium-term plan for fiscal consolidation. Empirical results suggest that the effective exchange rate (rather than a bilateral rate) and wages are important long-run influences on inflation.
|
| 538 |
|
|
|a Mode of access: Internet
|
| 830 |
|
0 |
|a IMF Working Papers; Working Paper ;
|v No. 2001/099
|
| 856 |
4 |
0 |
|z Full text available on IMF
|u http://elibrary.imf.org/view/journals/001/2001/099/001.2001.issue-099-en.xml
|z IMF e-Library
|